000
00261nam a2200121Ia 4500
100
_a
#N/A
650
_a
ELECTRONICS
942
_c
BK
654
_a
vlsi
245
_a
VLSI Circuits & Systems - Supplementary CAD Intro. Tool
260
_b
#N/A
546
_a
ENGLISH
999
_c
31142
_d
31142